[Event "Mecklenburg VP LL2 Ost 1819"]
[Site "Mecklenburg VP"]
[Date "2019.03.24"]
[Round "8.8"]
[White "Nickel, Udo"]
[Black "Ochei, Victor"]
[Result "1/2-1/2"]
[WhiteElo "1604"]
[BlackElo "1377"]
[PlyCount "72"]
[EventDate "2018.10.21"]
[EventType "team-tourn"]
[EventRounds "9"]
[EventCountry "GER"]
[SourceTitle "EXT 2022"]
[Source "ChessBase"]
[SourceDate "2021.10.06"]
[SourceVersion "1"]
[SourceVersionDate "2021.10.06"]
[SourceQuality "1"]
[WhiteTeam "Waterkant Saal SV"]
[BlackTeam "Ribnitz Damgarten"]
[WhiteTeamCountry "GER"]
[BlackTeamCountry "GER"]

1. d4 g6 2. c4 Bg7 3. Nc3 e5 4. d5 d6 5. e4 Ne7 6. Bd3 0-0 7. Nge2 f5 8. Bg5 a6 9. h4 h6 10. Bxe7 Qxe7 11. f4 fxe4 12. Bxe4 exf4 13. Bxg6 Bg4 14. Qc2 Qe3 15. Qd3 Bxc3+ 16. bxc3 Qxd3 17. Bxd3 Nd7 18. Kd2 Rae8 19. Rhf1 f3 20. gxf3 Bxf3 21. Nd4 Bg4 22. Rae1 Ne5 23. Rxf8+ Rxf8 24. Rf1 Rxf1 25. Bxf1 Nf3+ 26. Nxf3 Bxf3 27. Ke3 Bg4 28. Bd3 Kf7 29. Kf4 Bd7 30. a3 Kf6 31. Be2 c6 32. Bf3 c5 33. Be2 b5 34. cxb5 Bxb5 35. c4 Bd7 36. Bd3 Bc8 1/2-1/2

[Event "Mecklenburg VP LL2 Ost 1819"]
[Site "Mecklenburg VP"]
[Date "2019.03.10"]
[Round "7.8"]
[White "Nickel, Udo"]
[Black "Reimer, Karl"]
[Result "0-1"]
[WhiteElo "1604"]
[BlackElo "1635"]
[PlyCount "66"]
[EventDate "2018.10.21"]
[EventType "team-tourn"]
[EventRounds "9"]
[EventCountry "GER"]
[SourceTitle "EXT 2022"]
[Source "ChessBase"]
[SourceDate "2021.10.06"]
[SourceVersion "1"]
[SourceVersionDate "2021.10.06"]
[SourceQuality "1"]
[WhiteTeam "Waterkant Saal SV"]
[BlackTeam "Wolgast Motor"]
[WhiteTeamCountry "GER"]
[BlackTeamCountry "GER"]

1. d4 e6 2. c4 f5 3. Nc3 Nf6 4. Bf4 d6 5. Nf3 Be7 6. Qc2 0-0 7. e3 Nbd7 8. h3 b6 9. Be2 Bb7 10. 0-0 Ne4 11. Nd2 Nxd2 12. Qxd2 e5 13. dxe5 dxe5 14. Bh2 a6 15. Rad1 Bd6 16. Qc2 Qg5 17. Nd5 f4 18. exf4 exf4 19. Bf3 Kh8 20. Qc3 Ne5 21. Rd4 Ng6 22. Nxb6 Bxf3 23. Qxf3 Ne5 24. Qe4 f3 25. g3 Rae8 26. Na4 Re6 27. Qh4 Qf5 28. Rf4 Qg6 29. Rxf8+ Bxf8 30. Qd8 Qf5 31. g4 Nxg4 32. hxg4 Qxg4+ 33. Bg3 Rf6 0-1

[Event "Mecklenburg VP LL2 Ost 1718"]
[Site "Mecklenburg VP"]
[Date "2017.11.12"]
[Round "2.8"]
[White "Nickel, Udo"]
[Black "Vlach, Michael"]
[Result "1/2-1/2"]
[WhiteElo "1600"]
[BlackElo "1558"]
[PlyCount "52"]
[EventDate "2017.10.08"]
[EventType "team-tourn"]
[EventRounds "9"]
[EventCountry "GER"]
[SourceTitle "EXT 2022"]
[Source "ChessBase"]
[SourceDate "2021.10.06"]
[SourceVersion "1"]
[SourceVersionDate "2021.10.06"]
[SourceQuality "1"]
[WhiteTeam "Waterkant Saal SV"]
[BlackTeam "Stralsund FHSG II"]
[WhiteTeamCountry "GER"]
[BlackTeamCountry "GER"]

1. d4 d5 2. c4 c6 3. Nc3 Nf6 4. Bf4 a6 5. e3 e6 6. a3 Bd6 7. Bxd6 Qxd6 8. c5 Qc7 9. Nf3 Nbd7 10. Bd3 e5 11. dxe5 Nxe5 12. Nxe5 Qxe5 13. h3 Bf5 14. Bxf5 Qxf5 15. 0-0 0-0 16. Rc1 Rfe8 17. Qc2 Qxc2 18. Rxc2 Re7 19. Rd1 Kf8 20. Rd4 Rae8 21. Rb4 Rc7 22. g4 Nd7 23. Ne2 Re5 24. Nd4 Nf6 25. Nf3 Re4 26. Rxe4 Nxe4 1/2-1/2

[Event "Mecklenburg VP LL2 Ost 1617"]
[Site "Mecklenburg VP"]
[Date "2017.02.26"]
[Round "6.7"]
[White "Schulz, Daniel"]
[Black "Nickel, Udo"]
[Result "1-0"]
[WhiteElo "1589"]
[BlackElo "1633"]
[PlyCount "57"]
[EventDate "2016.10.16"]
[EventType "team-tourn"]
[EventRounds "9"]
[EventCountry "GER"]
[SourceTitle "EXT 2022"]
[Source "ChessBase"]
[SourceDate "2021.10.06"]
[SourceVersion "1"]
[SourceVersionDate "2021.10.06"]
[SourceQuality "1"]
[WhiteTeam "Neubrandenburg SG Eintracht II"]
[BlackTeam "Waterkant Saal SV"]
[WhiteTeamCountry "GER"]
[BlackTeamCountry "GER"]

1. e4 e6 2. d4 d5 3. exd5 exd5 4. Nf3 Bd6 5. c4 Bb4+ 6. Nc3 Nf6 7. Qb3 Nc6 8. Be3 0-0 9. 0-0-0 Bxc3 10. Qxc3 dxc4 11. Bxc4 Nd5 12. Qd2 Nxe3 13. fxe3 Qe7 14. Rhe1 Bg4 15. e4 Qb4 16. Qxb4 Nxb4 17. h3 Bh5 18. g4 Bg6 19. Ne5 Kh8 20. h4 f6 21. Nxg6+ hxg6 22. g5 Rad8 23. Rg1 b5 24. Bb3 Nc6 25. h5 Na5 26. Be6 Rd6 27. d5 Rxe6 28. dxe6 gxh5 29. e7 1-0

[Event "Mecklenburg VP LL2 Ost 1617"]
[Site "Mecklenburg VP"]
[Date "2016.11.20"]
[Round "3.7"]
[White "Nickel, Udo"]
[Black "Hausmann, Ulrich"]
[Result "1/2-1/2"]
[WhiteElo "1633"]
[BlackElo "1597"]
[PlyCount "44"]
[EventDate "2016.10.16"]
[EventType "team-tourn"]
[EventRounds "9"]
[EventCountry "GER"]
[SourceTitle "EXT 2022"]
[Source "ChessBase"]
[SourceDate "2021.10.06"]
[SourceVersion "1"]
[SourceVersionDate "2021.10.06"]
[SourceQuality "1"]
[WhiteTeam "Waterkant Saal SV"]
[BlackTeam "Graal Mueritz"]
[WhiteTeamCountry "GER"]
[BlackTeamCountry "GER"]

1. d4 d6 2. c4 e6 3. Nc3 Nf6 4. Bg5 Be7 5. Nf3 Bd7 6. e3 h6 7. Bh4 Nh7 8. Bxe7 Qxe7 9. Qb3 b6 10. a4 0-0 11. Be2 Ng5 12. Nxg5 Qxg5 13. Bf3 Bc6 14. Bxc6 Nxc6 15. 0-0 a6 16. Rfd1 Ne7 17. Qc2 f5 18. Ne2 Ng6 19. Qd2 f4 20. exf4 Nxf4 21. Nxf4 Qxf4 22. Qxf4 Rxf4 1/2-1/2

[Event "Mecklenburg VP LL2 Ost 1516"]
[Site "Mecklenburg VP"]
[Date "2015.10.11"]
[Round "2.7"]
[White "Zabka, Christian"]
[Black "Nickel, Udo"]
[Result "0-1"]
[WhiteElo "1269"]
[BlackElo "1662"]
[PlyCount "46"]
[EventDate "2015.09.20"]
[EventType "team-tourn"]
[EventRounds "9"]
[EventCountry "GER"]
[SourceTitle "EXT 2022"]
[Source "ChessBase"]
[SourceDate "2021.10.06"]
[SourceVersion "1"]
[SourceVersionDate "2021.10.06"]
[SourceQuality "1"]
[WhiteTeam "Neubrandenburg SG Eintracht III"]
[BlackTeam "Waterkant Saal SV"]
[WhiteTeamCountry "GER"]
[BlackTeamCountry "GER"]

1. Nf3 Nf6 2. d4 d5 3. c4 e6 4. Nc3 Be7 5. Qc2 0-0 6. e4 dxe4 7. Nxe4 Nxe4 8. Qxe4 f5 9. Qe3 Bb4+ 10. Bd2 Nc6 11. b3 a5 12. d5 exd5 13. 0-0-0 Qf6 14. Kb1 f4 15. Qd3 Bf5 16. Bxb4 Bxd3+ 17. Rxd3 Nxb4 18. Rd2 a4 19. cxd5 axb3 20. Bc4 bxa2+ 21. Rxa2 Nxa2 22. d6+ Kh8 23. d7 Nb4 0-1

[Event "Mecklenburg VP LL2 Ost 1415"]
[Site "Mecklenburg VP"]
[Date "2015.02.22"]
[Round "6.8"]
[White "Nickel, Udo"]
[Black "Stork, Leonard Christopher"]
[Result "1/2-1/2"]
[WhiteElo "1703"]
[BlackElo "1388"]
[PlyCount "74"]
[EventDate "2014.09.21"]
[EventType "team-tourn"]
[EventRounds "9"]
[EventCountry "GER"]
[SourceTitle "EXT 2022"]
[Source "ChessBase"]
[SourceDate "2021.10.06"]
[SourceVersion "1"]
[SourceVersionDate "2021.10.06"]
[SourceQuality "1"]
[WhiteTeam "Waterkant Saal SV"]
[BlackTeam "Waren ESV"]
[WhiteTeamCountry "GER"]
[BlackTeamCountry "GER"]

1. d4 Nf6 2. c4 g6 3. Nc3 d5 4. Nf3 Bg7 5. cxd5 Nxd5 6. e4 Nxc3 7. bxc3 c5 8. Bb5+ Bd7 9. Bxd7+ Qxd7 10. 0-0 Nc6 11. Bb2 cxd4 12. cxd4 Rd8 13. e5 0-0 14. Qb3 e6 15. Rfd1 Ne7 16. Ba3 Rfe8 17. Rab1 b6 18. Bxe7 Rxe7 19. Rbc1 Qd5 20. h3 Qxb3 21. axb3 Red7 22. Rc6 Bf8 23. Rdc1 Rd5 24. Rc7 R8d7 25. Rc8 Kg7 26. R8c7 h6 27. Kf1 Ba3 28. Rxd7 Rxd7 29. Ra1 Bb2 30. Ra2 Bc3 31. Ra4 g5 32. Rc4 Bb2 33. Ke2 Kg6 34. Kd3 Ba3 35. Ke4 h5 36. g4 hxg4 37. hxg4 Be7 1/2-1/2

[Event "Mecklenburg VP LL2 Ost 1415"]
[Site "Mecklenburg VP"]
[Date "2015.01.18"]
[Round "5.8"]
[White "Nickel, Udo"]
[Black "Mueggenburg, Rolf"]
[Result "1/2-1/2"]
[WhiteElo "1703"]
[BlackElo "1552"]
[PlyCount "75"]
[EventDate "2014.09.21"]
[EventType "team-tourn"]
[EventRounds "9"]
[EventCountry "GER"]
[SourceTitle "EXT 2022"]
[Source "ChessBase"]
[SourceDate "2021.10.06"]
[SourceVersion "1"]
[SourceVersionDate "2021.10.06"]
[SourceQuality "1"]
[WhiteTeam "Waterkant Saal SV"]
[BlackTeam "Graal Mueritz"]
[WhiteTeamCountry "GER"]
[BlackTeamCountry "GER"]

1. d4 Nf6 2. Nf3 d5 3. c4 e6 4. Bg5 Be7 5. e3 c6 6. Nc3 0-0 7. Bd3 Nbd7 8. 0-0 h6 9. Bf4 Nh5 10. Be5 f5 11. cxd5 cxd5 12. h3 Nhf6 13. Bh2 Ne4 14. Ne5 Nxe5 15. Bxe5 Bf6 16. Bxf6 Nxf6 17. Rc1 Bd7 18. Qb3 Bc6 19. Ne2 Qd7 20. Nf4 Kf7 21. Qd1 g5 22. Nh5 Kg8 23. f4 Qe8 24. Nxf6+ Rxf6 25. Be2 Qg6 26. Bh5 Qg7 27. Rf2 Kh8 28. g4 Qc7 29. Qf3 Qd6 30. fxg5 hxg5 31. Qg2 Rg8 32. Qh2 Qxh2+ 33. Kxh2 Rgf8 34. Kg3 Kg7 35. b3 Kh6 36. a4 f4+ 37. exf4 Rxf4 38. Rcf1 1/2-1/2

[Event "Mecklenburg VP LL2 Ost 1415"]
[Site "Mecklenburg VP"]
[Date "2014.09.21"]
[Round "1.8"]
[White "Behm, Olaf"]
[Black "Nickel, Udo"]
[Result "0-1"]
[WhiteElo "1384"]
[BlackElo "1703"]
[PlyCount "102"]
[EventDate "2014.09.21"]
[EventType "team-tourn"]
[EventRounds "9"]
[EventCountry "GER"]
[SourceTitle "EXT 2022"]
[Source "ChessBase"]
[SourceDate "2021.10.06"]
[SourceVersion "1"]
[SourceVersionDate "2021.10.06"]
[SourceQuality "1"]
[WhiteTeam "Torgelow Droegeheide II"]
[BlackTeam "Waterkant Saal SV"]
[WhiteTeamCountry "GER"]
[BlackTeamCountry "GER"]

1. d4 Nf6 2. c4 e6 3. Bg5 d5 4. Nc3 Be7 5. Nf3 0-0 6. Ne5 Nbd7 7. cxd5 Nxd5 8. Bxe7 Qxe7 9. Qb3 N7b6 10. e4 Nf6 11. f3 Nfd7 12. Nc4 Qh4+ 13. g3 Qf6 14. f4 Qxd4 15. Rd1 Qc5 16. Nb5 Nxc4 17. Bxc4 a6 18. Nc3 Qe3+ 19. Be2 Qc5 20. Na4 Qe7 21. 0-0 b5 22. Nc3 c5 23. Bf3 Bb7 24. Nxb5 axb5 25. Qxb5 Bc8 26. e5 Rb8 27. Qa4 Nb6 28. Qb5 Bd7 29. Qd3 Nd5 30. Bxd5 exd5 31. Qxd5 Be6 32. Qg2 Bxa2 33. Rc1 c4 34. Rc3 Qc5+ 35. Kh1 Bb3 36. h4 Rbd8 37. Qe2 Qd5+ 38. Kh2 Qd2 39. Re1 Qxe2+ 40. Rxe2 Rd1 41. Rf3 h5 42. Rff2 Rfd8 43. Rg2 Rf1 44. e6 fxe6 45. Rxe6 Rdd1 46. g4 Rxf4 47. gxh5 Rxh4+ 48. Kg3 Rxh5 49. Kg4 Rdd5 50. Rge2 Bd1 51. Re8+ Kh7 0-1

[Event "Mecklenburg VP LL2 Ost 1213"]
[Site "Mecklenburg VP"]
[Date "2012.10.14"]
[Round "1.6"]
[White "Nickel, Udo"]
[Black "Mauser, Tassilo Tino"]
[Result "1/2-1/2"]
[WhiteElo "1650"]
[BlackElo "1525"]
[PlyCount "75"]
[EventDate "2012.10.14"]
[EventType "team-tourn"]
[EventRounds "9"]
[EventCountry "GER"]
[SourceTitle "EXT 2022"]
[Source "ChessBase"]
[SourceDate "2021.10.06"]
[SourceVersion "1"]
[SourceVersionDate "2021.10.06"]
[SourceQuality "1"]
[WhiteTeam "Waterkant Saal SV"]
[BlackTeam "Gryps SV"]
[WhiteTeamCountry "GER"]
[BlackTeamCountry "GER"]

1. d4 d6 2. c4 e5 3. Nc3 exd4 4. Qxd4 Nf6 5. Bg5 Be7 6. Nf3 Nbd7 7. e3 Nc5 8. Qd1 a5 9. Be2 h6 10. Bh4 Bf5 11. 0-0 0-0 12. Nd4 Bh7 13. Bf3 c6 14. Be2 Nfe4 15. Bxe7 Qxe7 16. Nxe4 Bxe4 17. f3 Bh7 18. e4 f5 19. Nxf5 Bxf5 20. exf5 Rxf5 21. Re1 Re5 22. Bf1 Re8 23. Rxe5 Qxe5 24. Qd2 b6 25. Rd1 Nb7 26. g3 Rd8 27. Re1 Qf6 28. Kg2 d5 29. cxd5 cxd5 30. Bb5 Kf7 31. Re2 Nc5 32. b3 Ne6 33. Re3 Nc5 34. Qe2 Ne6 35. Qd2 Nc7 36. Bf1 Ne6 37. Bb5 Nc7 38. Bf1 1/2-1/2

[Event "Mecklenburg VP LL2 Ost 1112"]
[Site "Mecklenburg VP"]
[Date "2012.03.18"]
[Round "8.6"]
[White "Micheel, Peter"]
[Black "Nickel, Udo"]
[Result "1-0"]
[WhiteElo "1771"]
[BlackElo "1650"]
[PlyCount "39"]
[EventDate "2011.10.02"]
[EventType "team-tourn"]
[EventRounds "9"]
[EventCountry "GER"]
[SourceTitle "EXT 2022"]
[Source "ChessBase"]
[SourceDate "2021.10.06"]
[SourceVersion "1"]
[SourceVersionDate "2021.10.06"]
[SourceQuality "1"]
[WhiteTeam "Graal Mueritz"]
[BlackTeam "Waterkant Saal SV"]
[WhiteTeamCountry "GER"]
[BlackTeamCountry "GER"]

1. e4 e6 2. d4 d5 3. Nc3 Nf6 4. Bg5 Be7 5. e5 Nfd7 6. Bxe7 Qxe7 7. Qg4 0-0 8. f4 f5 9. exf6 Qxf6 10. Nf3 Qf5 11. Qxf5 Rxf5 12. g3 c5 13. Nb5 Na6 14. Nd6 Rf8 15. Bxa6 bxa6 16. 0-0 cxd4 17. Nxd4 e5 18. fxe5 Nxe5 19. Rxf8+ Kxf8 20. Re1 1-0

[Event "Mecklenburg VP LL2 Ost 0910"]
[Site "Mecklenburg VP"]
[Date "2009.11.29"]
[Round "3.7"]
[White "Stock, Joachim"]
[Black "Nickel, Udo"]
[Result "0-1"]
[WhiteElo "1556"]
[BlackElo "1660"]
[PlyCount "76"]
[EventDate "2009.10.18"]
[EventType "team-tourn"]
[EventRounds "9"]
[EventCountry "GER"]
[SourceTitle "EXT 2016"]
[Source "ChessBase"]
[SourceDate "2015.10.08"]
[SourceVersion "1"]
[SourceVersionDate "2015.10.08"]
[SourceQuality "1"]
[WhiteTeam "Neubrandenburg SG Eintracht II"]
[BlackTeam "Saal Waterkant"]
[WhiteTeamCountry "GER"]
[BlackTeamCountry "GER"]

1. e4 e6 2. Nf3 d5 3. exd5 exd5 4. d4 Bg4 5. Be2 Be7 6. Bf4 Nf6 7. c3 0-0 8. 0-0 Nbd7 9. h3 Bh5 10. Nbd2 Re8 11. Re1 c6 12. Bd3 Qb6 13. Qc2 Bg6 14. Bxg6 hxg6 15. Qb3 Qa6 16. Qc2 Bf8 17. a3 Qb6 18. b4 a5 19. Rxe8 Rxe8 20. Re1 Rxe1+ 21. Nxe1 axb4 22. axb4 Qa6 23. Nb3 b6 24. Nf3 Qc4 25. Qb1 Ne4 26. Qb2 c5 27. bxc5 bxc5 28. Be3 Qb5 29. Qc2 c4 30. Nbd2 Ndf6 31. Bg5 Nxd2 32. Nxd2 Ba3 33. Bxf6 gxf6 34. Qb1 Qa4 35. Qe1 Qc2 36. Nb1 Bc1 37. Qe8+ Kg7 38. Qb8 Bb2 0-1

[Event "Mecklenburg VP LL2 Ost 0809"]
[Site "Mecklenburg VP"]
[Date "2009.03.15"]
[Round "8.6"]
[White "Melzer, Georg"]
[Black "Nickel, Udo"]
[Result "0-1"]
[WhiteElo "1652"]
[BlackElo "1659"]
[PlyCount "86"]
[EventDate "2008.09.28"]
[EventType "team-tourn"]
[EventRounds "9"]
[EventCountry "GER"]
[SourceTitle "EXT 2022"]
[Source "ChessBase"]
[SourceDate "2021.10.06"]
[SourceVersion "1"]
[SourceVersionDate "2021.10.06"]
[SourceQuality "1"]
[WhiteTeam "Pasewalk"]
[BlackTeam "Waterkant Saal SV"]
[WhiteTeamCountry "GER"]
[BlackTeamCountry "GER"]

1. e4 e6 2. d4 d5 3. Nc3 Nf6 4. Bg5 Be7 5. e5 Nfd7 6. Bxe7 Qxe7 7. f4 a6 8. Nf3 c5 9. a4 Nc6 10. Be2 cxd4 11. Nxd4 Qc5 12. Nxc6 bxc6 13. Qd2 Rb8 14. b3 0-0 15. Rd1 f6 16. Bg4 fxe5 17. Bxe6+ Kh8 18. fxe5 Nxe5 19. Bxc8 Rbxc8 20. Qd4 Qe7 21. Ne2 Qg5 22. Rf1 Rfe8 23. Qf4 Qxg2 24. Rd2 Ng4 25. Qg3 Qxg3+ 26. hxg3 Re7 27. Rf4 Nf6 28. Kf1 h6 29. Nd4 Ne4 30. Rg2 Kg8 31. g4 Nf6 32. g5 hxg5 33. Rxg5 Rf7 34. Re5 Ne4 35. Nf5 Ng3+ 36. Kf2 Nxf5 37. Rexf5 Rxf5 38. Rxf5 Rf8 39. Rxf8+ Kxf8 40. Kf3 Ke7 41. c4 dxc4 42. bxc4 Kd6 43. Ke4 Kc5 0-1